000 00562nam a22001815i 4500
001 167712
003 ES-MaACL
005 20230906213559.0
008 050928s1853 fr | |||||||| ||fre d
040 _aCAM
_bspa
_cCAM
100 1 _aVitreuil, Oneddy.
_9133799
245 1 3 _aLe Pays Breda /
_cpar Oneddy Vitreuil.
260 _aParis :
_bMichel Lévy, libraires-éditeurs,
_c1853 (
_fTyp. de Mme Ve Dondey-Dupré)
300 _a319 ;
_c18 cm.
700 2 _aLèvy, Michel, Frères.
_9188560
852 _aES-MaACL
_jG-9248
_z-- Enc. hol.
999 _c167712
_d167712